Normal view
MARC view
- Rodríguez Murcia, Víctor Manuel
Entry Nombre Personal
001 - NUMERO DE CONTROL
- campo de control: 59230
003 - IDENTIFICADOR DE NUMERO DE CONTROL
- campo de control: MX-MxUPN
005 - FECHA Y HORA DE LA ÜLTIMA TRANSACCIÓN
- campo de control: 20260409113305.0
008 - DATOS DE LONGITUD FIJA
- campo de control de longitud fija: 150526nn acannaabn a aaa d
010 ## - NÚMERO DE CONTROL DE LA BIBLIOTECA DEL CONGRESO
- Número de control LC: n 2015033389
040 ## - FUENTE DE CATALOGACIÓN
- Agencia original de catalogación: DLC
- Lenguaje de catalogación: spa
- Description conventions: rda
- Agencia de transcripción: MX-MxUPN
- Agencia que lo modifica: DLC
100 1# - ENCABEZAMIENTO - NOMBRE PERSONAL
- Nombre personal: Rodríguez Murcia, Víctor Manuel
373 ## - GRUPO ASOCIADO
- Associated group: Universidad Pedagógica Nacional (Colombia)
374 ## - OCUPACIÓN
- Occupation: Sociólogo;
- Occupation: Profesor
377 ## - LENGUA ASOCIADA
- Language code: spa
400 1# - VEÁSE - NOMBRE DE PERSONA
- Personal name: Murcia, Víctor Manuel Rodríguez
670 ## - FUENTE EN LA QUE SE LOCALIZARON DATOS
- Cita de la fuente: El cine como posibilidad de pensamiento desde la pedagogía, 2014:
- Información localizada: portada (Víctor Manuel Rodríguez Murcia) página 5 (sociólogo; profesor en la Universidad Pedagógica Nacional)
670 ## - FUENTE EN LA QUE SE LOCALIZARON DATOS
- Cita de la fuente: Estudios del paramilitarismo. Análisis regionales e investigaciones acerca de la subjetividad paramilitar, 2023 :
- Información localizada: portada (Víctor Manuel Rodríguez Murcia)
- Uniform Resource Identifier: http://hdl.handle.net/20.500.12209/18433
902 ## - CATALOGADOR
- Catalogador: JohanaAllegre/090426
